000 00614nam a2200229Ia 4500
001 3009
003 GE_BSU
008 181216s||||||||xx |||||||||||||| ||und||
020 _a5757100826
040 _cGE_BSU
080 _a336.02
100 _aГлухов, В.В.и В Дольдэ
245 _aНалоги: теория и практика
245 _bУчебное пособие
260 _aСанкт-Петербург
260 _b«Специальная Литература»
260 _c1996
300 _a385 с.
541 _h11 л. 10 т.
653 _aНалоги
942 _cBK
999 _c37055
_d37055